Lão hà tiện

Αποθηκεύτηκε σε:
Λεπτομέρειες βιβλιογραφικής εγγραφής
Κύριος συγγραφέας: Môlier
Άλλοι συγγραφείς: Đỗ Đức Hiếu (dịch)
Μορφή: Βιβλίο
Γλώσσα:Vietnamese
Έκδοση: H. Nxb. Đại học và trung học chuyên nghiệp 1978
Σειρά:Loại sách 2 thứ tiếng
Θέματα:
Ετικέτες: Προσθήκη ετικέτας
Δεν υπάρχουν, Καταχωρήστε ετικέτα πρώτοι!
Thư viện lưu trữ: Mạng thư viện Đại học Đà Nẵng
LEADER 00828nam a2200301 4500
001 000014590
003 10960
005 20120508150542.0
008 120508s1978 viesd
041 0 |a vie 
082 |a 888  |b MÔL 
100 0 |a Môlier 
245 0 |a Lão hà tiện  |c Môlier ; Người dịch: Đỗ Đức Hiểu 
260 |a H.  |b Nxb. Đại học và trung học chuyên nghiệp  |c 1978 
300 |a 242tr.  |c 19 cm 
490 |a Loại sách 2 thứ tiếng 
653 |a Pháp 
653 |a văn học hiện đại 
653 |a truyện vừa 
700 |a Đỗ Đức Hiếu  |e dịch 
OWN |a LSP 
999 |a From the UDN01 
TYP |a Monograph 
TYP |a Printed language 
980 |a Mạng thư viện Đại học Đà Nẵng